Noticias inéditas sobre Don Juan Martínez de Rozas. Publicado en los Anales de la Universidad de Chile
Uloženo v:
| Hlavní autor: | |
|---|---|
| Médium: | Kniha |
| Jazyk: | španělština |
| Vydáno: |
Santiago
Imprenta Cervantes, Delicias, 1167
1910
|
| Vydání: | 2a. ed |
| Témata: | |
| Tagy: |
Přidat tag
Žádné tagy, Buďte první, kdo vytvoří štítek k tomuto záznamu!
|
MARC
| LEADER | 00000nam a2200000 a 4500 | ||
|---|---|---|---|
| 001 | UCJ5070 | ||
| 003 | CL-VaPUC | ||
| 008 | 070124e19100000CL |||||||||||||||||spa|d | ||
| 082 | 0 | 4 | |a 983 |b AMU |2 21 |
| 100 | 0 | |a Amunátegui Solar, Domingo |e author |9 444723 | |
| 245 | 1 | 0 | |a Noticias inéditas sobre Don Juan Martínez de Rozas. Publicado en los Anales de la Universidad de Chile |
| 250 | |a 2a. ed | ||
| 300 | |a 83 p | ||
| 942 | |c BK | ||
| 945 | |d 20070124 00:00:00 |a rinostro | ||
| 260 | |a Santiago |b Imprenta Cervantes, Delicias, 1167 |c 1910 | ||
| 600 | 0 | 7 | |a MARTINEZ DE ROZAS, JUAN |2 CL-VaPUC |9 435462 |
| 650 | 7 | |a BIOGRAFIA |2 CL-VaPUC |9 504622 | |
| 650 | 0 | |a Independencia |9 344246 | |
| 650 | 0 | |a Testamento |9 258220 | |
| 650 | 7 | |a DOCUMENTOS |2 CL-VaPUC |9 366450 | |
| 583 | |a last modification |c 20070124 00:00:00 |k Rodrigo Vera | ||
| 999 | |c 321183 |d 321181 | ||
| 952 | |0 0 |1 0 |4 0 |6 983_000000000000000_AMU_1910 |7 0 |8 X |9 399865 |a FDOBUD |b FDOBUD |d 2019-11-22 |i 1029614 |o 983 AMU 1910 |p 1029614 |r 2019-11-22 |w 2019-11-22 |y BK_X |k BUD | ||